Entrepreneurship : (Record no. 156646)

MARC details
000 -LEADER
fixed length control field 00730nam a22002177a 4500
005 - DATE AND TIME OF LATEST TRANSACTION
control field 20180904103755.0
010 ## - LCCN (DPL NO)
LC control number ENG-123907
020 ## - INTERNATIONAL STANDARD BOOK NUMBER
Terms of availability 700.00
International Standard Book Number 9788179103678
035 ## - SYSTEM CONTROL NUMBER
System control number EN-107439
037 ## - SOURCE OF ACQUISITION
Source of stock number/acquisition DBAD/PUB
082 ## - DEWEY DECIMAL CLASSIFICATION NUMBER
Classification number 658.421
100 ## - MAIN ENTRY--PERSONAL NAME
Personal name Kaushik, Rajesh
245 ## - TITLE STATEMENT
Title Entrepreneurship :
Statement of responsibility, etc by Rajesh Kaushik; Upendra Kaushik [and] K.K. Goyal
Remainder of title sucessfully launching new ventures /
260 ## - PUBLICATION, DISTRIBUTION, ETC. (IMPRINT)
Date of publication, distribution, etc 2011
Place of publication, distribution, etc Jaipur (Raj.)
Name of publisher, distributor, etc Aavishkar Publishers, Distributors
270 ## - ADDRESS
Address 807, Vyas Building, Chaura Rasta,
City Jaipur (Raj.)
Postal code 302003
300 ## - PHYSICAL DESCRIPTION
Dimensions 21cm.(Hb.)
Extent viii,199p.
500 ## - GENERAL NOTE
General note It includes bibliography
700 ## - ADDED ENTRY--PERSONAL NAME
Personal name Kaushik, Upendra
700 ## - ADDED ENTRY--PERSONAL NAME
Personal name Goyal, K.K.
942 ## - ADDED ENTRY ELEMENTS (KOHA)
Item type English Books
Source of classification or shelving scheme Dewey Decimal Classification
Call number suffix KAU
Classification part 658.421
Holdings
Withdrawn status Lost status Not for loan Collection code Home library Current library Date acquired Source of acquisition Cost, normal purchase price Full call number Barcode Copy number Cost, replacement price Koha item type
    Not For Loan Non-fiction D.B.Act.Division Bawana 30/08/2018 DBAD/PUB 700.00 658.421 KAU EN-107439 1 700.00 English Books

© Delhi Public Library
Hit Counter
free hit counter